Producción de concreto de mediana resistencia en Costa Rica.

Guardat en:
Dades bibliogràfiques
Autor principal: Meseguer Quesada, Luis Carlos
Format: Llibre
Publicat: San José, Costa Rica 1987
Matèries:
Etiquetes: Afegir etiqueta
Sense etiquetes, Sigues el primer a etiquetar aquest registre!

MARC

LEADER 00000nam a2200000Ia 4500
003 004525
005 20221231144345.0
008 140114s1987 cr a m 000 ||s d
040 |c cru CEDI 
090 |a TFG 2089 
100 |a Meseguer Quesada, Luis Carlos  |9 13659 
245 |a Producción de concreto de mediana resistencia en Costa Rica. 
260 |c 1987  |a San José, Costa Rica 
300 |a  xiv, [175] hojas : ilustraciones ; 28 cm  
500 |a  Proyecto de graduacion (licenciatura en ingeniería civil)--Universidad de Costa Rica. Facultad de Ingeniería. Escuela de Ingeniería Civil 
650 |x HORMIGON ARMADO  |9 13660 
942 |c TFG  |2 ddc 
999 |c 20664  |d 20664